000 00359 a2200157 4500
001 71190
020 _a8526007491
040 _cAnchieta - Colégio São Paulo
100 _aLacerda, Nilma
240 1 0 _aCartas do São Francisco
_lpor
245 1 0 _aCartas do São Francisco
300 _a40
362 0 _a2001
650 4 _aLiteratura juvenil
942 _cBK
999 _c71190
_d71190